[Event "Costa Atlantica Univ Magdalena"]
[Site "Santa Marta"]
[Date "2013.09.02"]
[Round "1.7"]
[White "Villalba, Ader Manuel"]
[Black "Montes Romero, Victor Jesus"]
[Result "1-0"]
[WhiteElo "2011"]
[BlackElo "1572"]
[PlyCount "67"]
[EventDate "2013.09.02"]
[EventType "swiss"]
[EventRounds "6"]
[EventCountry "COL"]
[SourceTitle "EXT 2024"]
[Source "ChessBase"]
[SourceDate "2023.10.10"]
[SourceVersion "1"]
[SourceVersionDate "2023.10.10"]
[SourceQuality "1"]

1. e4 d6 2. d4 g6 3. Nc3 Bg7 4. Be3 Nf6 5. Bc4 0-0 6. f3 e5 7. Nge2 Nbd7 8. Qd2 a6 9. 0-0-0 b5 10. Bb3 Bb7 11. h4 c5 12. dxc5 dxc5 13. Bd5 Qc7 14. Bxb7 Qxb7 15. h5 b4 16. Nd5 Nxd5 17. exd5 c4 18. c3 bxc3 19. Nxc3 Rab8 20. hxg6 fxg6 21. Rh4 Rf7 22. Rxc4 Nf6 23. b3 Rd7 24. Bc5 a5 25. d6 Rc8 26. Na4 Rc6 27. Qxa5 Bh6+ 28. Kb2 Ra6 29. Qb4 Qc8 30. Nb6 Qe8 31. Nxd7 Nxd7 32. Rh4 Nxc5 33. Qxc5 Qa8 34. Qd5+ 1-0

[Event "Cartagena op"]
[Site "Cartagena"]
[Date "2012.01.14"]
[Round "5"]
[White "Villalba, Ader Manuel"]
[Black "Cueto, Jose"]
[Result "0-1"]
[WhiteElo "1839"]
[BlackElo "1903"]
[PlyCount "64"]
[EventDate "2012.01.10"]
[EventType "swiss"]
[EventRounds "7"]
[EventCountry "COL"]
[SourceTitle "EXT 2013"]
[Source "ChessBase"]
[SourceDate "2012.11.22"]
[SourceVersion "1"]
[SourceVersionDate "2012.11.22"]
[SourceQuality "1"]

1. e4 c5 2. Nf3 Nc6 3. d4 cxd4 4. Nxd4 Nf6 5. Nc3 e5 6. Ndb5 d6 7. Bg5 a6 8. Na3 b5 9. Nd5 Be7 10. Bxf6 Bxf6 11. c3 0-0 12. Nc2 Bg5 13. g3 Ne7 14. Ncb4 Bb7 15. Bg2 Kh8 16. 0-0 f5 17. Nxe7 Qxe7 18. Nd5 Bxd5 19. Qxd5 f4 20. a4 Rab8 21. Rfd1 Qa7 22. g4 f3 23. Bf1 Bh4 24. Qd2 Rf4 25. axb5 Rxg4+ 26. Kh1 Bg5 27. Rxa6 Qf7 28. Qxd6 Rf8 29. Bh3 Rh4 30. Bf5 Bf4 31. h3 g6 32. Ra7 gxf5 0-1

[Event "Cartagena op"]
[Site "Cartagena"]
[Date "2012.01.13"]
[Round "4"]
[White "Teheran Perez, Edison"]
[Black "Villalba, Ader Manuel"]
[Result "0-1"]
[WhiteElo "1725"]
[BlackElo "1839"]
[PlyCount "78"]
[EventDate "2012.01.10"]
[EventType "swiss"]
[EventRounds "7"]
[EventCountry "COL"]
[SourceTitle "EXT 2013"]
[Source "ChessBase"]
[SourceDate "2012.11.22"]
[SourceVersion "1"]
[SourceVersionDate "2012.11.22"]
[SourceQuality "1"]

1. e4 c5 2. Nf3 d6 3. d4 cxd4 4. Nxd4 Nf6 5. Nc3 g6 6. Be3 Bg7 7. f3 0-0 8. Qd2 Nc6 9. Bc4 Bd7 10. 0-0-0 Rc8 11. Bb3 Ne5 12. h4 h5 13. g4 hxg4 14. h5 Nxh5 15. Bh6 e6 16. Rdg1 Bxh6 17. Qxh6 Qf6 18. Rxh5 Rfe8 19. f4 Nc4 20. Qh7+ Kf8 21. Qh8+ Ke7 22. Qxf6+ Kxf6 23. Bxc4 gxh5 24. e5+ dxe5 25. fxe5+ Kxe5 26. Bb3 Kxd4 27. Rd1+ Ke3 28. Rd3+ Kf4 29. Rxd7 f5 30. Ne2+ Ke3 31. Ng3 h4 32. Nh5 Rcd8 33. Rxb7 h3 34. Bc4 h2 35. Ng3 f4 36. Nf1+ Kf2 37. Nxh2 g3 38. Ng4+ Ke1 39. Rg7 Rd1# 0-1

[Event "Cartagena op"]
[Site "Cartagena"]
[Date "2012.01.11"]
[Round "2"]
[White "Villalba, Ader Manuel"]
[Black "Raad, Bernardo"]
[Result "0-1"]
[WhiteElo "1839"]
[BlackElo "1600"]
[PlyCount "56"]
[EventDate "2012.01.10"]
[EventType "swiss"]
[EventRounds "7"]
[EventCountry "COL"]
[SourceTitle "EXT 2013"]
[Source "ChessBase"]
[SourceDate "2012.11.22"]
[SourceVersion "1"]
[SourceVersionDate "2012.11.22"]
[SourceQuality "1"]

1. e4 e5 2. Nf3 Nf6 3. Nc3 Nc6 4. Bb5 d6 5. d4 Bd7 6. 0-0 Be7 7. Re1 0-0 8. Bg5 Nxd4 9. Nxd4 exd4 10. Qxd4 Bxb5 11. Nxb5 a6 12. Nc3 Re8 13. Rad1 Ng4 14. Bf4 Bf6 15. Qd2 Be5 16. h3 Bxf4 17. Qxf4 Ne5 18. Nd5 Re6 19. Qh2 Rg6 20. Re3 c6 21. Nf4 Rh6 22. Qg3 Qb6 23. Rb3 Qc5 24. c3 b5 25. Rd4 Kh8 26. a4 Rg8 27. axb5 axb5 28. Qg5 Nf3+ 0-1